Zar e imperatori della Russia(Romanov) - Statistics

Statistiche generali
  • Questo quiz è stato fatto 22 volte
  • Il punteggio medio è 3 su 18
Statistiche sulle risposte
Anni di regno Sovrano % Corretto
1881-1894 Alessandro III Alexandrovich
50%
1682-1725 Pietro I Alexejevich
50%
1727-1730 Pietro II Alexejevich
50%
1801-1825 Alessandro I Pavlovich
25%
1725-1727 Caterina I Alexejevna
25%
1762-1796 Caterina II Alexejevna
25%
1682-1696 Ioann V Alexejevich
25%
1613-1645 Mihail Fiodorovich
25%
1894-1917 Nicola II Alexandrovich
25%
1825-1855 Nicola I Pavlovich
25%
1855-1881 Alessandro II Nikolajevich
0%
1645-1676 Alexei Mihailovich
0%
1730-1740 Anna Ioanovna
0%
1741-1761 Elisabetta Petrovna
0%
1676-1682 Fiodor Alexejevich
0%
1740-1741 Ioann VI Antonovich
0%
1796-1801 Paolo I Petrovich
0%
1761-1762 Pietro III Fiodorovich
0%
Nessun quiz corrispondente trovato
Distribuzione punteggi
Percentuale di utenti per punteggio
Percentile per numero di risposta
I tuoi punteggi nel tempo
Non hai fatto questo quiz